| 000 | 00881nam a22002537a 4500 | ||
|---|---|---|---|
| 999 |
_c14795 _d14795 |
||
| 003 | MIRAKIL | ||
| 005 | 20220202145528.0 | ||
| 008 | 220202b tu ||||| |||| 00| 0 tur d | ||
| 020 | _a9789759169495 | ||
| 040 |
_aTR-AnCHP _cTR-AnCHP |
||
| 041 | _atur | ||
| 082 |
_a321.8 _bZ24ö 2007 |
||
| 100 | _aZakaria, Fareed | ||
| 245 | 1 | 0 |
_aÖzgürlüğün geleceği : _bYurtta ve dünyada liberal demokrasi / _cFareed Zakarıa ; Çev. : Meral Öztoprak Sağır, H. Serkan Akıllı |
| 246 | _aYurtta ve dünyada liberal demokrasi | ||
| 260 |
_aİstanbul : _bKırmızı Yayınları, _c2007. |
||
| 300 |
_a287 s. ; _c22 sm. |
||
| 650 | 0 |
_95084 _aSiyaset Bilimi _xDemokrasi |
|
| 650 | 0 |
_9721 _aÖzgürlük |
|
| 700 |
_96972 _aSağır, Meral Öztoprak _eçev. |
||
| 700 |
_96973 _aAkıllı, H. Serkan _eçev. |
||
| 740 | _aYurtta ve dünyada liberal demokrasi | ||
| 942 |
_2ddc _cBKS |
||